[Event "MVP-ch Seniors op 18th"]
[Site "Ostseebad Binz"]
[Date "2018.12.06"]
[Round "9"]
[White "Howe, Dietrich"]
[Black "Krause, Werner"]
[Result "0-1"]
[WhiteElo "1484"]
[BlackElo "1575"]
[PlyCount "21"]
[EventDate "2018.11.28"]
[EventType "swiss"]
[EventRounds "9"]
[EventCountry "GER"]
[SourceTitle "CBM 188 Extra"]
[Source "ChessBase"]
[SourceDate "2019.02.28"]
[SourceVersion "1"]
[SourceVersionDate "2019.02.28"]
[SourceQuality "1"]

1. f4 d5 2. Nf3 Nf6 3. e3 Nc6 4. Bb5 a6 5. Bxc6+ bxc6 6. b3 e6 7. Bb2 Be7 8. 0-0 0-0 9. Qe1 a5 10. Ne5 Bd7 11. Nc3 0-1

[Event "Hamburg-ch Seniors 65+"]
[Site "Hamburg"]
[Date "2018.11.05"]
[Round "6"]
[White "Wilke, Wolfgang"]
[Black "Krause, Werner"]
[Result "1/2-1/2"]
[WhiteElo "1726"]
[BlackElo "1575"]
[PlyCount "28"]
[EventDate "2018.10.31"]
[EventType "swiss"]
[EventRounds "9"]
[EventCountry "GER"]
[SourceTitle "CBM 189 Extra"]
[Source "ChessBase"]
[SourceDate "2019.05.31"]
[SourceVersion "1"]
[SourceVersionDate "2019.05.31"]
[SourceQuality "1"]

1. d4 Nf6 2. c4 e6 3. Nc3 Bb4 4. Bd2 Bxc3 5. Bxc3 d5 6. e3 0-0 7. Nf3 Nbd7 8. Bd3 b6 9. 0-0 Bb7 10. Qc1 c5 11. b3 Ne4 12. Bb2 Qc7 13. Nd2 f5 14. f4 Rac8 1/2-1/2

[Event "MVP-ch Seniors op 17th"]
[Site "Binz"]
[Date "2017.12.02"]
[Round "4.62"]
[White "Vietinghoff, Klaus"]
[Black "Krause, Werner"]
[Result "1-0"]
[WhiteElo "1846"]
[BlackElo "1648"]
[PlyCount "25"]
[EventDate "2017.11.29"]
[EventType "swiss"]
[EventRounds "9"]
[EventCountry "GER"]
[SourceTitle "EXT 2019"]
[Source "ChessBase"]
[SourceDate "2018.10.10"]
[SourceVersion "1"]
[SourceVersionDate "2018.10.10"]
[SourceQuality "1"]

1. f4 e5 2. fxe5 d6 3. exd6 Bxd6 4. Nf3 Nf6 5. d4 Be6 6. g3 c6 7. Qd3 Qa5+ 8. c3 Qh5 9. Bg2 Qg6 10. 0-0 Bd5 11. Qe3+ Be6 12. Nh4 Qh5 13. Rf5 1-0

[Event "MVP-ch Seniors op 17th"]
[Site "Binz"]
[Date "2017.11.29"]
[Round "1.57"]
[White "Krause, Werner"]
[Black "Westphal, Norbert"]
[Result "0-1"]
[WhiteElo "1648"]
[BlackElo "1947"]
[PlyCount "30"]
[EventDate "2017.11.29"]
[EventType "swiss"]
[EventRounds "9"]
[EventCountry "GER"]
[SourceTitle "EXT 2019"]
[Source "ChessBase"]
[SourceDate "2018.10.10"]
[SourceVersion "1"]
[SourceVersionDate "2018.10.10"]
[SourceQuality "1"]

1. e4 Nf6 2. e5 Nd5 3. d4 d6 4. exd6 cxd6 5. Bc4 Nb6 6. Bd3 Nc6 7. c3 g6 8. Ne2 Bg7 9. Be3 0-0 10. Qd2 e5 11. Bc2 Nc4 12. Qc1 Nxe3 13. Qxe3 exd4 14. Qd2 Qb6 15. Bd3 Ne5 0-1

[Event "Hessen-ch Seniors op 12th"]
[Site "Bad Sooden-Allendorf"]
[Date "2016.05.05"]
[Round "6"]
[White "Krause, Werner"]
[Black "Blosze, Winfried"]
[Result "0-1"]
[WhiteElo "1662"]
[BlackElo "1862"]
[PlyCount "86"]
[EventDate "2016.04.30"]
[EventType "swiss"]
[EventRounds "9"]
[EventCountry "GER"]
[SourceTitle "EXT 2019"]
[Source "ChessBase"]
[SourceDate "2018.10.10"]
[SourceVersion "1"]
[SourceVersionDate "2018.10.10"]
[SourceQuality "1"]

1. e4 e5 2. Nf3 Nf6 3. Nxe5 d6 4. Nf3 Nxe4 5. d4 d5 6. Bd3 Bd6 7. Nc3 Nxc3 8. bxc3 h6 9. 0-0 Be6 10. Re1 0-0 11. Be3 Nd7 12. c4 dxc4 13. Bf1 c6 14. c3 Qa5 15. Nd2 b5 16. Ne4 Qc7 17. g3 Bd5 18. Nxd6 Qxd6 19. Bf4 Qf6 20. Bg2 Bxg2 21. Kxg2 Rfe8 22. Qd2 g5 23. Be3 Nb6 24. f4 Nd5 25. fxg5 Nxe3+ 26. Rxe3 Qxg5 27. Rxe8+ Rxe8 28. Qxg5+ hxg5 29. Kf3 Kg7 30. h4 Kg6 31. hxg5 Kxg5 32. Rh1 a5 33. a3 Re6 34. Rb1 Rd6 35. a4 Rd5 36. Rb2 Rf5+ 37. Kg2 Kg4 38. Re2 bxa4 39. Ra2 Rf3 40. Rxa4 Rxc3 41. Rxa5 Rxg3+ 42. Kf2 Rd3 43. Rc5 Rxd4 0-1

[Event "Berlin-ch Seniors op 32nd"]
[Site "Berlin"]
[Date "2016.02.04"]
[Round "9"]
[White "Weber, Viktor"]
[Black "Krause, Werner"]
[Result "1/2-1/2"]
[WhiteElo "1615"]
[BlackElo "1652"]
[PlyCount "74"]
[EventDate "2016.01.26"]
[EventType "swiss"]
[EventRounds "9"]
[EventCountry "GER"]
[SourceTitle "EXT 2019"]
[Source "ChessBase"]
[SourceDate "2018.10.10"]
[SourceVersion "1"]
[SourceVersionDate "2018.10.10"]
[SourceQuality "1"]

1. d4 d5 2. c4 e5 3. dxe5 d4 4. Nf3 Nc6 5. a3 Bg4 6. Qd3 Qd7 7. h3 Bxf3 8. Qxf3 0-0-0 9. Bf4 Nge7 10. b4 Ng6 11. c5 Nxf4 12. Qxf4 Qd5 13. Nd2 Nxe5 14. Qe4 Be7 15. g3 Bf6 16. Bg2 Nd3+ 17. Qxd3 Qxg2 18. Qf3 Qxf3 19. Nxf3 d3 20. Ra2 Bc3+ 21. Kd1 Rhe8 22. e3 Re4 23. Ng5 Rc4 24. h4 Rd7 25. Nf3 f6 26. Nd2 Rg4 27. Rg1 h5 28. f3 Rg6 29. Ne4 Be5 30. f4 f5 31. c6 Rxc6 32. Nc5 Bc3 33. Nxd7 Kxd7 34. b5 Rc4 35. Rgg2 Kd6 36. a4 Kd5 37. Ra3 Ke4 1/2-1/2

[Event "Berlin-ch Seniors op 32nd"]
[Site "Berlin"]
[Date "2016.01.30"]
[Round "5"]
[White "Gaertner, Michael"]
[Black "Krause, Werner"]
[Result "1-0"]
[WhiteElo "1866"]
[BlackElo "1652"]
[PlyCount "59"]
[EventDate "2016.01.26"]
[EventType "swiss"]
[EventRounds "9"]
[EventCountry "GER"]
[SourceTitle "EXT 2019"]
[Source "ChessBase"]
[SourceDate "2018.10.10"]
[SourceVersion "1"]
[SourceVersionDate "2018.10.10"]
[SourceQuality "1"]

1. e4 e5 2. Nf3 f5 3. d3 Nc6 4. Bg5 Nf6 5. Nc3 Be7 6. exf5 d5 7. Qe2 0-0 8. 0-0-0 Bxf5 9. Nxe5 d4 10. Nxc6 bxc6 11. Ne4 Qd5 12. c4 dxc3 13. Nxc3 Qc5 14. Be3 Qb4 15. Qc2 Nd5 16. Bd2 Qb7 17. Ne4 Rab8 18. Bc3 Be6 19. f3 Ne3 20. Qf2 Nxd1 21. Kxd1 Bxa2 22. Nc5 Bxc5 23. Qxc5 Rf7 24. Be2 Re8 25. Kd2 Rfe7 26. Re1 Qb6 27. Bd4 Qb3 28. Qxa7 Bb1 29. Qc5 Bxd3 30. Bd1 1-0

[Event "Berlin-ch Seniors op 32nd"]
[Site "Berlin"]
[Date "2016.01.29"]
[Round "4"]
[White "Krause, Werner"]
[Black "Komischke Friedel, Sigrid"]
[Result "1-0"]
[WhiteElo "1652"]
[BlackElo "873"]
[PlyCount "51"]
[EventDate "2016.01.26"]
[EventType "swiss"]
[EventRounds "9"]
[EventCountry "GER"]
[SourceTitle "EXT 2019"]
[Source "ChessBase"]
[SourceDate "2018.10.10"]
[SourceVersion "1"]
[SourceVersionDate "2018.10.10"]
[SourceQuality "1"]

1. Nc3 e5 2. d4 d6 3. dxe5 Nc6 4. Nf3 b6 5. e4 Bb7 6. Bg5 Qd7 7. Bb5 h6 8. Be3 a6 9. Bc4 0-0-0 10. e6 fxe6 11. Qe2 Nb8 12. Rd1 Qc6 13. Bxe6+ Nd7 14. Bd5 Qxc3+ 15. bxc3 Bxd5 16. exd5 b5 17. a4 Nb6 18. axb5 Ne7 19. Bxb6 cxb6 20. Qe6+ Kc7 21. bxa6 g5 22. Nd4 Nxd5 23. Qxd5 Re8+ 24. Kd2 Bg7 25. Qb7+ Kd8 26. Nc6# 1-0

[Event "Hamburg-ch Seniors 21st"]
[Site "Hamburg"]
[Date "2014.10.29"]
[Round "2"]
[White "Hofmeier, Arthur"]
[Black "Krause, Werner"]
[Result "1-0"]
[WhiteElo "1247"]
[BlackElo "1466"]
[PlyCount "127"]
[EventDate "2014.10.29"]
[EventType "swiss"]
[EventRounds "9"]
[EventCountry "GER"]
[SourceTitle "EXT 2018"]
[Source "ChessBase"]
[SourceDate "2017.10.13"]
[SourceVersion "1"]
[SourceVersionDate "2017.10.13"]
[SourceQuality "1"]

1. e4 e5 2. Nf3 Nc6 3. a3 Nf6 4. Nc3 d5 5. Bb5 Qd6 6. h3 Nxe4 7. Bxc6+ bxc6 8. 0-0 Nxc3 9. bxc3 Be7 10. d3 0-0 11. Nh2 Qg6 12. Qf3 f5 13. Qe3 Bd6 14. Qg5 Qf7 15. f4 h6 16. Qg3 e4 17. d4 Bd7 18. Bd2 Rab8 19. Rab1 Rb6 20. a4 Rfb8 21. Rbc1 c5 22. Qe3 Qe7 23. Rfe1 cxd4 24. cxd4 c5 25. Kh1 c4 26. a5 Rb5 27. Nf1 Qd8 28. Qg3 Qf6 29. Ra1 Bc7 30. Ne3 Be6 31. Bc3 g5 32. Rf1 Kh7 33. Nxc4 gxf4 34. Qe1 e3 35. Ne5 Bxe5 36. dxe5 Qg5 37. Bd4 h5 38. Bxa7 Rg8 39. Qe2 Rg7 40. Bb6 Rg8 41. Rg1 Rb4 42. c3 Rc4 43. Bd4 Rc6 44. Rab1 Ra8 45. Rb7+ Kh6 46. Rb6 Bd7 47. a6 Rxb6 48. Bxb6 h4 49. a7 Qe7 50. Bd4 Qe6 51. Qf3 Kg5 52. Rb1 Qc6 53. Rb8 Be8 54. Rxa8 Qxa8 55. c4 Bc6 56. c5 Qxa7 57. Qd1 Qa6 58. Qe1 Qa2 59. Bc3 e2 60. Bb4 Kh5 61. Bd2 f3 62. g3 hxg3 63. Qxg3 d4 64. Qg5# 1-0